000 00430nam a2200157 4500
001 126059
003 ES-MaACL
005 20230906192740.0
007 t|
008 070214s1941 gw r ||||1| spa d
100 1 _aReimer, Lydia.
_996018
245 1 3 _aLa familia en la nueva Alemania /
_cLydia Reimer.
260 _aBerlĂ­n :
_b[s. n.],
_c1941.
300 _a62 p. :
_bil. ;
_c22 cm.
852 _aES-MaACL
_j1832-F-22
_bR.19383
999 _c126059
_d126059